00601nam a2200193 a 450000100060000000300090000600800410001502000150005604000280007108200160009910000390011524500540015426000490020830000110025749000410026865000330030965000260034265000390036819917CO-ViMGA141112s2004 ck r 000 u spa d a9505823207 aCO-ViMGAbspacCO-ViMGA04a374.26 A5311 aRodriguez Fuenzalida, Eugenio, Ed.10aAlfabetización y Postalfabetización por radio aBuenos Aires : bEditorial Humanitas, c1992 a270 p. aBiblioteca de educación de adultos14aALFABETIZACION - educación14aeducación POR RADIO14aRADIO EN LA educación DE ADULTOS